Vysoká škola poľnohospodárstva v Nitre v nových podmienkach výchovy a vzdelávania.

Nedostatky predchádzajúceho systému výchovy a vzdelávania, ktorý zbavoval poslucháčov schopnosti samostatne myslieť a konať. Základné zmeny, s ktorými je spojená súčasná predstava o budúcom štúdiu na Vysoke škole poľnohospodárskej v Nitre. Rozšírenie možností špecializácie v rámci päťročného štúdia.

Saved in:
Bibliographic Details
Main Author: Repka, J.
Format: Book Chapter
Language:Slovak
Subjects:
Tags: Add Tag
No Tags, Be the first to tag this record!

MARC

LEADER 00000naa a2200000 4500
001 r006709
005 20221125075923.9
041 0 |a slo 
044 |a [CS] 
245 1 0 |a Vysoká škola poľnohospodárstva v Nitre v nových podmienkach výchovy a vzdelávania.  |c J. Repka 
520 |a Nedostatky predchádzajúceho systému výchovy a vzdelávania, ktorý zbavoval poslucháčov schopnosti samostatne myslieť a konať. Základné zmeny, s ktorými je spojená súčasná predstava o budúcom štúdiu na Vysoke škole poľnohospodárskej v Nitre. Rozšírenie možností špecializácie v rámci päťročného štúdia. 
610 2 0 |a školy vysoké 
610 2 0 |a VŠP Nitra 
610 2 0 |a vzdelanie 
610 2 0 |a štúdium vysokoškolské 
100 1 |a Repka, J.